000 00849nam a2200253Ia 4500
003 OSt
005 20220923222851.0
006 a|||||r|||| 00| 0
007 ta
008 220922b |||||||| |||| 00| 0 hin d
024 _a208,544
037 _cTextual
040 _aARTS
_cARTS
_bhin
041 _2hin
_ahin
082 _aO152,3(Y31):g, M4
100 _aमिश्र, रामदरश, संपा.
245 0 _aहिन्दी के ऑचलिक उपन्यास
246 _aHindī ke ऑchalik upanyāsa
260 _aदिल्ली
_b वाणी प्रका0
_c1984
300 _a176पृ.
_ccm.
650 _aहिन्दी साहित्य
_9156264
942 _hO152,3(Y31):g, M4
_cTEXL
_2CC
999 _c359140
_d359140